Govt. of
Madhya Pradesh

गुरूदत्‍त तीन अंकीय त्रासदी अरूण खोपकर (Record no. 65016)

MARC details
000 -LEADER
fixed length control field 00460nam a2200109Ia 4500
008 - FIXED-LENGTH DATA ELEMENTS--GENERAL INFORMATION
fixed length control field 221009s9999 xx 000 0 und d
082 ## - DEWEY DECIMAL CLASSIFICATION NUMBER
Classification number 792
100 ## - MAIN ENTRY--PERSONAL NAME
Personal name निशकान्‍त ठकार
9 (RLIN) 53207
245 #0 - TITLE STATEMENT
Title गुरूदत्‍त तीन अंकीय त्रासदी अरूण खोपकर
260 ## - PUBLICATION, DISTRIBUTION, ETC. (IMPRINT)
Name of publisher, distributor, etc. मध्‍यप्रदेश फिल्‍म डेवलपमेंट कापोर्रेशन
942 ## - ADDED ENTRY ELEMENTS (KOHA)
Koha item type Books

No items available.